Electrónica digital : fundamentos teóricos y técnica de circuitos

Bewaard in:
Bibliografische gegevens
Hoofdauteur: Dokter, Folkert
Andere auteurs: Steinhauer, Jurgen
Formaat: Boek
Taal:Spanish
Gepubliceerd in: Madrid : Paraninfo 1977.
Reeks:Biblioteca técnica Philips
Onderwerpen:
Tags: Voeg label toe
Geen labels, Wees de eerste die dit record labelt!

MARC

LEADER 00000nam a2200000Ia 4500
003 L000657
005 20221231143945.0
008 140114s1977 sp a 000 ||spa d
040 |c cru CEDI 
082 |a 621.381.5 D658e 
100 |a Dokter, Folkert  |9 19204 
245 |a Electrónica digital : fundamentos teóricos y técnica de circuitos 
260 |a Madrid : Paraninfo  |c 1977. 
300 |a 388[8] páginas : ilustraciones ; 22 cm.-- 
440 |a Biblioteca técnica Philips   |9 19144 
650 |x ELECTRONICA DIGITAL   |x TEORIA DE LA CONMUTACION  |9 19206 
700 |9 19205  |a Steinhauer, Jurgen 
942 |2 ddc  |c BK 
999 |c 14780  |d 14780